000 00557nam a2200193 4500
001 00005663
003 DO-SdBNP
005 20180409144534.0
007 00005663
008 160331b 1986 dr ||||| |||| 00| 0 spa d
040 _aBPMSU
_bspa
_cBPMSU
100 _aHolguín Veras, Oscar
245 _aLos bosques de Holguín /
_cOscar Holguín Veras
260 _aSanto Domingo :
_bAlfa y Omega
_c1986
300 _a73 p. :
_bil.,
_c27 cm.
942 _2ddc
_cBK
945 _aRemanejado para la BNPHU, 2018 / BT
956 _2VMATEO
_310
_620160331
_8BPMSU
_a00069
999 _c9476
_d9476